চীনের অর্থনৈতিক উন্নয়ন / (Record no. 56233)
[ view plain ]
| 000 -LEADER | |
|---|---|
| fixed length control field | 00812nam a2200229 a 4500 |
| 001 - CONTROL NUMBER | |
| control field | 56233 |
| 003 - CONTROL NUMBER IDENTIFIER | |
| rucl marc code | BD-RjUL |
| 005 - DATE AND TIME OF LATEST TRANSACTION | |
| control field | 20211209080354.0 |
| 008 - FIXED-LENGTH DATA ELEMENTS--GENERAL INFORMATION | |
| fixed length control field | 161127s1981 bg ||||| |||| 00| 0 ben d |
| 020 ## - INTERNATIONAL STANDARD BOOK NUMBER | |
| Terms of availability | TK 20.00 |
| 035 ## - SYSTEM CONTROL NUMBER | |
| System control number | (BD-RjUL)56357 |
| 040 ## - CATALOGING SOURCE | |
| Original cataloging agency | BD-RjUL |
| Language of cataloging | ben |
| Transcribing agency | BD-RjUL |
| 041 ## - LANGUAGE CODE | |
| Language code of text/sound track or separate title | ben |
| 082 ## - DEWEY DECIMAL CLASSIFICATION NUMBER | |
| Edition number | 23 |
| Classification number | 330.951 |
| Author mark and year | DEC 1981 |
| 100 ## - MAIN ENTRY--PERSONAL NAME | |
| Personal name | দে, মনোরঞ্জন |
| 9 (RLIN) | 118062 |
| 245 10 - TITLE STATEMENT | |
| Title | চীনের অর্থনৈতিক উন্নয়ন / |
| Statement of responsibility, etc. | মনোরঞ্জন দে |
| 260 ## - PUBLICATION, DISTRIBUTION, ETC. (IMPRINT) | |
| Place of publication, distribution, etc. | ঢাকা : |
| Name of publisher, distributor, etc. | বিশ্বপরিচয়, |
| Date of publication, distribution, etc. | ১৯৮১ |
| 300 ## - PHYSICAL DESCRIPTION | |
| Pagination | ৬৮ পৃ. ; |
| Size | ২১ সেমি . |
| 650 ## - SUBJECT ADDED ENTRY--TOPICAL TERM | |
| Topical term or geographic name as entry element | অর্থনৈতিক অবস্থা |
| Geographic subdivision | চীন |
| 9 (RLIN) | 167324 |
| Topical term or geographic name as entry element | Economic Conditions |
| Geographic subdivision | China |
| 9 (RLIN) | 167325 |
| 942 ## - ADDED ENTRY ELEMENTS (KOHA) | |
| Source of classification or shelving scheme | Dewey Decimal Classification |
| Koha item type | Books |
| Lost status | Source of classification or shelving scheme | Damaged status | Not for loan | Collection code | Permanent Location | Current Location | Shelving location | Date acquired | Source of acquisition | Cost, normal purchase price | Total Checkouts | Full call number | Date last seen | Copy number | Koha item type |
|---|---|---|---|---|---|---|---|---|---|---|---|---|---|---|---|
| Dewey Decimal Classification | Non-fiction | Central Library, University of Rajshahi | Central Library, University of Rajshahi | 04/08/1983 | Aligarh library, Rajshahi | 20.00 | B 330.951 DEC 1981 | 27/11/2016 | C-2 | Books |